000 00662nam a22002177a 4500
005 20170124110205.0
010 _aB-047166
020 _a8170142407
_c125.00
035 _aB-047166
037 _bCen Lib/Ret
040 _aDPL
_bEN
082 _a004
_bKAP
100 _aKapoor, V. K.
_920916
245 _aFundamentals of electronic data processing /
_cby V. K. Kapoor
260 _aNew Delhi
_bSultan Chand and Sons
_c1995
270 _a23,Dariya Ganj
_bNew Delhi
_e110002
300 _avarious pagings :
_c24cm(Hb)
_bill.
650 _aElectronic data processing
_920497
650 _aData processing
_936979
942 _2ddc
_cEN
_h004
_mKAP
999 _c133149
_d133149